Markets (Record no. 83582)

MARC details
000 -LEADER
fixed length control field 01182cab a22002055a 4500
001 - CONTROL NUMBER
control field L154334
008 - FIXED-LENGTH DATA ELEMENTS--GENERAL INFORMATION
fixed length control field 111114e20111111xxk 000 0 eng d
035 ## - SYSTEM CONTROL NUMBER
System control number (Sirsi) u154334
041 0# - LANGUAGE CODE
Language code of text/sound track or separate title eng
100 1# - MAIN ENTRY--PERSONAL NAME
Personal name Unger, Paul
245 00 - TITLE STATEMENT
Title Markets
Remainder of title north-west
260 ## - PUBLICATION, DISTRIBUTION, ETC.
Date of publication, distribution, etc. 2011
490 #0 - SERIES STATEMENT
Series statement Property Week
Volume/sequential designation 77(45) 11 November 2011, 40(1)
520 ## - SUMMARY, ETC.
Summary, etc. Prologis's proposed 1.2m sq ft shed for Amazon is at the centre of a planning battle between Halton and Halebank councils. Aviva Investors proposed redevelopment of Manchester's Triangle includes reverting to the historic Corn Exchange name. Banks are actively managing some of their distressed assets rather than rushing in to sales: Merseyway, Stockport and Grand Arcade, Wigan. JCB heir, Joe Bamford, to buy 500 acre residential and leisure use site at Woodford, straddling Stockport and east Cheshire. BBC and ITV anchor Peel Group's 36 acre £500m first phase of its Media City UK development in Salford.
590 ## - LOCAL NOTE (RLIN)
Local note KA
651 #4 - SUBJECT ADDED ENTRY--GEOGRAPHIC NAME
Geographic name England
Chronological subdivision 886-
690 ## - LOCAL SUBJECT ADDED ENTRY--TOPICAL TERM (OCLC, RLIN)
Topical term or geographic name as entry element PROPERTY-COMMERCIAL PROPERTY-COMMERCIAL PROPERTY MARKET
690 ## - LOCAL SUBJECT ADDED ENTRY--TOPICAL TERM (OCLC, RLIN)
Topical term or geographic name as entry element PROPERTY-COMMERCIAL PROPERTY-COMMERCIAL PROPERTY FINANCE AND INVESTMENT
942 ## - ADDED ENTRY ELEMENTS (KOHA)
Suppress in OPAC 0
Holdings
Withdrawn status Lost status Source of classification or shelving scheme Damaged status Not for loan Home library Current library Shelving location Date acquired Total Checkouts Full call number Barcode Date last seen Copy number Price effective from Koha item type
    Dewey Decimal Classification     London London Journal article 14/11/2011   L154334 154334-1001 06/08/2019 1 06/08/2019 Journal article